000 00282nam a2200109Ia 4500
008 190216s9999||||xx |||||||||||||| ||und||
100 _aDavar Rs
245 0 _aPractical Book-Keeping And Accountancy
260 _bThe English Language Book Society
_c1962
300 _a476p
942 _cBK
999 _c3889
_d3889